000 00271nam a22001217a 4500
020 _a978-1-84738-595-6
082 _a823
_bDAN/G
100 _aDAVIE, KATIE
245 _aTHE GREAT HAMSTER
_bMASSACRE
260 _aUK
_bSIMIN AND SCHUSTER
_c2010
300 _a180
942 _cBK
999 _c5845
_d5845